| 000 | 00345nam a2200145Ia 4500 | ||
|---|---|---|---|
| 008 | 191201s2004 xx 000 0 und d | ||
| 082 |
_a543.08 _bBAF |
||
| 100 | _aBANWELL, Colin N | ||
| 245 | 0 | _aFundamentals of Molecular Spectroscopy | |
| 250 | _a4th | ||
| 260 |
_aN.Delhi _bTMH _c2004 |
||
| 300 | _a308 | ||
| 650 | _aApplied | ||
| 942 |
_2ddc _cBK |
||
| 999 |
_c1901 _d1901 |
||